00853nas a2200229Ia 4500001001100000003000900011008004100020040001300061040001300074041001200087100004500099210001400144222001400158245008600172250001100258260003600269501008600305300002000391362002700411500014600438650003900584R703/E4609IT-RoPAU151124c99999999xx |||||||||||| ||und|| aIT-RoPAU cIT-RoPAU aINGLESE aHarries Dan M.gCodice Aut. SPICS: 48579 aSEMIOTICA aSemiotica aSEMIOTICA, VOL. 113-N.3/4 (1997)bSemiotics, Discourse, And Parodic Spectatorship a1a ed. aBERLINbMOUTON DE GRUYTERc1997 bPaulus - SPICS - Società San Paolo EM (non-commercial uses only)cCopyright2015 a23 p. [293-315] aVOL. 113, N.3/4 (1997) aSemiotica, Discorso e Parodia dell'Ascolto. Semiotica Sociale e Logica della Lettura. Regime Produttivo e di Ricezione. Regime di Conoscenza. aSEMIOTICAvPUBBLICAZIONE PERIODICA